000 00311nam a22001097a 4500
999 _c67405
_d67402
100 _aNadeem Ali Juno
_a19-17MEEE07
245 _aProduction and Characterization of biochar from Sugarcane Bagasse
260 _aNawabshah
_bQUEST
_c2021
300 _a37p.
856 _uhttps://tinyurl.com/y4rkmdcx
942 _cTHESIS